Normal view
MARC view
- Malviya D and Nath S
Entry Personal Name
001 - CONTROL NUMBER
- control field: 180194
003 - CONTROL NUMBER IDENTIFIER
- control field: OSt
005 - DATE AND TIME OF LATEST TRANSACTION
- control field: 20230314152925.0
008 - FIXED-LENGTH DATA ELEMENTS
- fixed length control field: 230314|| aca||aabn | a|a d
040 ## - CATALOGING SOURCE
- Original cataloging agency: OSt
- Transcribing agency: OSt
100 ## - HEADING--PERSONAL NAME
- Personal name: Malviya D and Nath S
670 ## - SOURCE DATA FOUND
- Source citation: Work cat.: (OSt)142545: Malviya D and Nath S, Handbook of Critical Care, 2022